| 000 | 00528nam a2200193 a 4500 | ||
|---|---|---|---|
| 005 | 20240315063634.0 | ||
| 008 | 991125s1967 mx 000 0 spa u | ||
| 035 | _aUPN01000000061 | ||
| 049 | _aCG | ||
| 050 | 4 |
_aPC4065 _bC3.8 1967 |
|
| 100 | 1 | _aCaso, María | |
| 245 | 1 | 0 |
_a20 Lecciones de español para estudiantes y maestros / _cMaría Caso. |
| 250 | _a2a ed. | ||
| 260 |
_aMéxico : _bUNAM, _c1967. |
||
| 300 | _a336 p. | ||
| 440 | 0 | _aTextos universitarios | |
| 650 | 4 |
_aEspañol _xEstudio y enseñanza _97357 |
|
| 905 | _aLibro | ||
| 999 |
_c61 _d61 |
||